Anna Franková: příběh zrady : záhada odhalena po 75 letech /
Uloženo v:
| Hlavní autor: | |
|---|---|
| Další autoři: | |
| Médium: | Kniha |
| Jazyk: | Czech |
| Vydáno: |
Praha :
Dobrovský s.r.o.,
2022
|
| Edice: | Pangea
|
| Témata: | |
| Celkem bylo vypůjčeno: | 5x |
| Tagy: |
Žádné tagy |
| LEADER | 03325nam a2200805 i 4500 | ||
|---|---|---|---|
| 001 | 97264 | ||
| 003 | CZ PrNK | ||
| 005 | 20230310084726.0 | ||
| 007 | ta | ||
| 008 | 210903s2022 xr g 000 jbcze | ||
| 015 | |a cnb003349944 | ||
| 020 | |a 9788027700448 |q (vázáno) | ||
| 040 | |a BOA001 |b cze |e rda | ||
| 041 | 1 | |a cze |h eng | |
| 072 | 7 | |a 821.11 |x Germánské literatury |2 Konspekt |9 25 | |
| 072 | 7 | |a 929 |x Biografie |2 Konspekt |9 8 | |
| 080 | |a 821.112.5-32 |2 MRF | ||
| 080 | |a 323.25/.26-051 |2 MRF | ||
| 080 | |a 323.25/.26:329.18 |2 MRF | ||
| 080 | |a (=411.16) |2 MRF | ||
| 080 | |a 323.28 |2 MRF | ||
| 080 | |a 323.12"1939/1945" |2 MRF | ||
| 080 | |a [351.74:659.27]-051 |2 MRF | ||
| 080 | |a 351.74:659.27 |2 MRF | ||
| 080 | |a 327.88 |2 MRF | ||
| 080 | |a 94(100)"1939/1945" |2 MRF | ||
| 080 | |a 929 |2 MRF | ||
| 080 | |a (492) |2 MRF | ||
| 080 | |a (0:82-322.6) |2 MRF | ||
| 100 | 1 | |a Kremer, Gerard, |d 1943- |7 xx0271336 |4 aut |9 114100 | |
| 240 | 1 | 0 | |a Anne Frank betrayed. |l Česky |
| 245 | 1 | 0 | |a Anna Franková: příběh zrady : |b záhada odhalena po 75 letech / |c Gerard Kremer ; z anglického originálu Anne Frank - betrayed přeložil Jan J. Škrob |
| 264 | 1 | |a Praha : |b Dobrovský s.r.o., |c 2022 | |
| 300 | |a 239 stran ; |c 21 cm | ||
| 336 | |a text |b txt |2 rdacontent | ||
| 337 | |a bez média |b n |2 rdamedia | ||
| 338 | |a svazek |b nc |2 rdacarrier | ||
| 490 | 1 | |a Pangea | |
| 600 | 1 | 4 | |a Kremer, Gerard, |7 osa20221142875 |2 czenas |d -1978 |9 114101 |
| 600 | 1 | 7 | |a Dijk, Ans van, |7 mub20221148347 |2 czenas |d 1905-1948 |
| 648 | 7 | |a 1941-1944 |7 ch967353 |2 czenas |9 53220 | |
| 648 | 7 | |a 1939-1945 |7 ch460653 |2 czenas |9 52982 | |
| 650 | 0 | 7 | |a účastníci odboje |7 ph1046610 |y 1939-1945 |z Nizozemsko |2 czenas |
| 650 | 0 | 7 | |a protifašistický odboj |7 ph115901 |y 1939-1945 |z Nizozemsko |2 czenas |
| 650 | 0 | 7 | |a Židé |7 ph127782 |y 1939-1945 |z Nizozemsko |2 czenas |
| 650 | 0 | 7 | |a Židé |7 ph127782 |x perzekuce |y 1939-1945 |2 czenas |
| 650 | 0 | 7 | |a holocaust (1939-1945) |7 ph117203 |z Nizozemsko |2 czenas |
| 650 | 0 | 7 | |a informátoři policie |7 ph319516 |y 1939-1945 |z Nizozemsko |2 czenas |
| 650 | 0 | 7 | |a udavačství |7 ph847236 |y 1939-1945 |z Nizozemsko |2 czenas |
| 650 | 0 | 7 | |a kolaborace |7 ph121705 |y 1939-1945 |z Nizozemsko |2 czenas |
| 650 | 0 | 7 | |a druhá světová válka (1939-1945) |7 ph117270 |z Nizozemsko |2 czenas |
| 650 | 0 | 9 | |a resistance participants |y 1939-1945 |z Netherlands |2 eczenas |
| 650 | 0 | 9 | |a anti-fascist movements |y 1939-1945 |z Netherlands |2 eczenas |
| 650 | 0 | 9 | |a Jews |y 1939-1945 |z Netherlands |2 eczenas |
| 650 | 0 | 9 | |a Jews |x persecutions |y 1939-1945 |2 eczenas |
| 650 | 0 | 9 | |a holocaust (1939-1945) |z Netherlands |2 eczenas |
| 650 | 0 | 9 | |a police informers |y 1939-1945 |z Netherlands |2 eczenas |
| 650 | 0 | 9 | |a denunciation |y 1939-1945 |z Netherlands |2 eczenas |
| 650 | 0 | 9 | |a collaborationism |y 1939-1945 |z Netherlands |2 eczenas |
| 650 | 0 | 9 | |a World War (1939-1945) |z Netherlands |2 eczenas |
| 655 | 7 | |a nizozemské příběhy |7 fd183159 |2 czenas |9 54062 | |
| 655 | 7 | |a biografické příběhy |7 fd131953 |2 czenas |9 53519 | |
| 655 | 9 | |a Dutch stories |2 eczenas | |
| 655 | 9 | |a biographical stories |2 eczenas | |
| 700 | 1 | |a Škrob, Jan J., |d 1988- |7 av2016918481 |4 trl |9 112039 | |
| 830 | 0 | |a Pangea | |
| 910 | |a UOG502 | ||
| 942 | |2 ddc |c KN | ||
| 999 | |d 97264 | ||
| 993 | |0 0 |1 421180097632 |2 ddc |4 0 |7 0 |9 86471 |b 0 |c 97632 |d 2022-03-15 |e 5 |f DOSP |h 349.00 |i Koupě |l DOSP |m 1 |r 2024-02-20 |s 2024-01-09 |t 6 |w 2022-03-15 |y KN |z BELET | ||